[Event "6th Heraklion Capablanca 2019"]
[Site "Heraklion"]
[Date "2019.05.01"]
[Round "3.1"]
[White "Yoo, Christopher Woojin"]
[Black "Karousos-Theodorakis, Nikolaos"]
[Result "1/2-1/2"]
[WhiteElo "2414"]
[BlackElo "2280"]
[Annotator "TA"]
[PlyCount "65"]
[EventDate "2019.04.29"]
[EventType "tourn"]
[EventCountry "GRE"]
[SourceTitle "playchess.com"]
[Source "ChessBase"]
[SourceQuality "1"]

{[%evp 13,65,0,0,0,0,16,0,0,3,-15,36,-29,51,-25,-14,-23,-29,-35,-27,-37,-27,-36,-50,-76,-46,-45,-43,-39,-36,-38,-20,-22,-20,-48,-39,-45,-35,-54,0,0,0,0,0,0,0,0,0,0,0,0,0,0,0,0]} 1. e4 e5 2. Nf3 Nc6 3. g3 Nf6 4. d3 d5 5. exd5 Nxd5 6. Bg2 g6 7. O-O Bg7 8. Nc3 {C44: Ponziani Opening and Scotch Gambit} Nxc3 (8... Nde7 9. Rb1 a5 10. b3 O-O 11. Re1 Re8 12. Bb2 Bf5 13. a3 Nc8 14. Ne4 Nd6 15. Nc5 Qc8 {1-0 (63) Amin,B (2709)-Jumabayev,R (2609) Astana 2019}) 9. bxc3 O-O 10. Nd2 Rb8 $146 ({Predecessor:} 10... Bd7 11. Nb3 b6 12. d4 Rc8 13. Re1 Re8 14. Bb2 exd4 15. cxd4 Rxe1+ 16. Qxe1 {1-0 (65) Lutikov,A-Lein,A Almaty 1969}) 11. Rb1 {[#] Black must now prevent Bxc6.} Be6 (11... Qd7 $11) 12. c4 ({White should try} 12. Bxc6 $14 bxc6 13. Rxb8 Qxb8 14. c4) 12... Qc8 (12... Qd7 $11) 13. Re1 (13. Bxc6 $14 bxc6 14. Rb3) 13... Bg4 $11 14. Bf3 Bxf3 15. Nxf3 Re8 16. Bb2 Qd7 17. Nd2 b6 18. Nf1 Nd4 19. Bxd4 exd4 20. Rxe8+ Rxe8 21. Nd2 Bh6 22. Nf3 c5 23. Qf1 Qc6 24. Re1 Rxe1 25. Nxe1 Bd2 ({Better is} 25... b5 $15) 26. Qe2 {The position is equal.} Bxe1 (26... Bg5 {looks sharper.} 27. Qe5 Bd8 28. f4 f6 29. Qb8 Qd7) 27. Qxe1 {[%mdl 4096] Endgame KQ-KQ} Qa4 28. Qe5 Qxc2 29. Qe8+ Kg7 30. Qe5+ Kg8 31. Qe8+ Kg7 32. Qe5+ Kg8 33. Qe8+ {Accuracy: White = 54%, Black = 48%.} 1/2-1/2

[Event "6th Heraklion Capablanca 2019"]
[Site "Heraklion"]
[Date "2019.05.01"]
[Round "3.2"]
[White "Zarubitski, Viachaslau"]
[Black "Demuth, Adrien"]
[Result "1/2-1/2"]
[WhiteElo "2416"]
[BlackElo "2512"]
[Annotator "ChessBase"]
[PlyCount "32"]
[EventDate "2019.04.29"]
[EventType "tourn"]
[EventCountry "GRE"]
[SourceTitle "playchess.com"]
[Source "ChessBase"]
[SourceQuality "1"]
[TimeControl "40/5400+30:1800+30"]

1. e4 {[%emt 0:00:00]} c5 {[%emt 0:00:11]} 2. Nf3 {[%emt 0:00:00]} Nc6 {[%emt 0:00:05]} 3. c3 {[%emt 0:00:00]} d5 {[%emt 0:01:47]} 4. exd5 {[%emt 0:00:00]} Qxd5 {[%emt 0:00:03]} 5. d4 {[%emt 0:00:00]} Nf6 {[%emt 0:00:09]} 6. dxc5 {[%emt 0:00:03]} Qxd1+ {[%emt 0:06:02]} 7. Kxd1 {[%emt 0:00:01]} Bf5 {[%emt 0:09:18]} 8. Be3 {[%emt 0:03:23]} e6 {[%emt 0:03:03]} 9. Nd4 {[%emt 0:20:48]} O-O-O {[%emt 0:24:48]} 10. Nd2 {[%emt 0:00:32]} Nd5 {[%emt 0:01:51]} 11. Nxf5 {[%emt 0:45:21]} exf5 {[%emt 0:00:13]} 12. Kc2 {[%emt 0:03:37]} Nxe3+ {[%emt 0:08:22]} 13. fxe3 {[%emt 0:00:02]} Bxc5 {[%emt 0:00:05]} 14. Bd3 {[%emt 0:06:16]} g6 {[%emt 0:07:13]} 15. e4 {[%emt 0:00:02]} Ne5 {[%emt 0:06:41]} 16. Be2 {[%emt 0:00:42]} fxe4 {[%emt 0:02:25]} 1/2-1/2

[Event "6th Heraklion Capablanca 2019"]
[Site "Heraklion"]
[Date "2019.05.01"]
[Round "3.3"]
[White "Harff, Marcel"]
[Black "Anagnostopoulos, Konstantinos"]
[Result "1-0"]
[WhiteElo "2412"]
[BlackElo "2345"]
[Annotator "NA"]
[PlyCount "63"]
[EventDate "2019.04.29"]
[EventType "tourn"]
[EventCountry "GRE"]
[SourceTitle "playchess.com"]
[Source "ChessBase"]
[SourceQuality "1"]
[TimeControl "40/5400+30:1800+30"]

1. c4 {[%emt 0:00:00]} Nf6 {[%emt 0:00:00]} 2. Nf3 {[%emt 0:00:00]} c6 {[%emt 0:00:00]} 3. b3 {[%emt 0:00:00]} d5 {[%emt 0:03:57]} 4. Bb2 {[%emt 0:00:08]} Bf5 {[%emt 0:02:14]} 5. d3 {[%emt 0:02:05]} e6 {[%emt 0:00:15]} 6. Nbd2 {[%emt 0:00:34]} h6 {[%emt 0:00:22]} 7. g3 {[%emt 0:00:06]} Bc5 {[%emt 0:06:07]} 8. Bg2 {[%emt 0:01:11]} O-O {[%emt 0:00:16]} 9. O-O {[%emt 0:00:06]} Nbd7 {[%emt 0:00:27]} 10. Qe1 {[%emt 0:00:17]} Bg4 {[%emt 0:11:37]} 11. h3 {[%emt 0:00:48]} Bxf3 {[%emt 0:03:42]} 12. Nxf3 {[%emt 0:00:10]} a5 {[%emt 0:03:05]} 13. e4 {[%emt 0:13:28]} dxe4 {[%emt 0:08:49]} 14. dxe4 {[%emt 0:00:08]} Qb6 {[%emt 0:01:42]} 15. Rb1 {[%emt 0:05:25]} Rfd8 {[%emt 0:07:12]} 16. Qe2 {[%emt 0:02:06]} Nf8 {[%emt 0:03:10]} 17. Bxf6 {[%emt 0:13:45]} gxf6 {[%emt 0:00:04]} 18. Nh2 {[%emt 0:00:07]} Ng6 {[%emt 0:12:15]} 19. Kh1 {[%emt 0:03:49]} Bb4 {[%emt 0:08:41]} 20. f4 {[%emt 0:01:01]} Rd2 {[%emt 0:00:34]} 21. Qg4 {[%emt 0:00:56]} Qe3 {[%emt 0:10:10]} 22. f5 {[%emt 0:00:21]} h5 {[%emt 0:00:16]} 23. Qf3 {[%emt 0:00:01]} Qxf3 {[%emt 0:02:23]} 24. Nxf3 {[%emt 0:00:02]} exf5 {[%emt 0:00:51]} 25. Nxd2 {[%emt 0:00:38]} Bxd2 {[%emt 0:00:06]} 26. Rbd1 {[%emt 0:00:07]} Bc3 {[%emt 0:00:26]} 27. Rd3 {[%emt 0:01:33]} Bb4 {[%emt 0:04:14]} 28. Rd7 {[%emt 0:00:12]} Ra7 {[%emt 0:03:23]} 29. Rxf5 {[%emt 0:01:26]} Ne5 {[%emt 0:01:18]} 30. Rd8+ {[%emt 0:00:12]} Kg7 {[%emt 0:00:04]} 31. Rxh5 {[%emt 0:00:12]} a4 {[%emt 0:00:29]} 32. Rhh8 {[%emt 0:00:10]} 1-0

[Event "6th Heraklion Capablanca 2019"]
[Site "Heraklion"]
[Date "2019.05.01"]
[Round "3.4"]
[White "Antic, Dejan"]
[Black "Szwed, Jacek"]
[Result "1/2-1/2"]
[WhiteElo "2471"]
[BlackElo "2387"]
[Annotator "ChessBase"]
[PlyCount "92"]
[EventDate "2019.04.29"]
[EventType "tourn"]
[EventCountry "GRE"]
[SourceTitle "playchess.com"]
[Source "ChessBase"]
[SourceQuality "1"]
[TimeControl "40/5400+30:1800+30"]

1. d4 {[%emt 0:03:14]} d5 {[%emt 0:00:00]} 2. Nf3 {[%emt 0:00:32]} Nf6 {[%emt 0:00:00]} 3. c4 {[%emt 0:00:31]} dxc4 {[%emt 0:00:00]} 4. e3 {[%emt 0:00:33]} b5 {[%emt 0:00:31]} 5. a4 {[%emt 0:01:53]} b4 {[%emt 0:00:15]} 6. Bxc4 {[%emt 0:00:26]} e6 {[%emt 0:00:13]} 7. O-O {[%emt 0:00:46]} Be7 {[%emt 0:00:19]} 8. b3 {[%emt 0:00:31]} O-O {[%emt 0:00:23]} 9. Bb2 {[%emt 0:00:25]} Bb7 {[%emt 0:00:19]} 10. Nbd2 {[%emt 0:00:39]} c5 {[%emt 0:00:57]} 11. Rc1 {[%emt 0:02:05]} Nbd7 {[%emt 0:13:34]} 12. Be2 {[%emt 0:08:19]} cxd4 {[%emt 0:11:04]} 13. Nxd4 {[%emt 0:06:42]} Nc5 {[%emt 0:00:32]} 14. Nc4 {[%emt 0:01:38]} Rc8 {[%emt 0:21:48]} 15. Bf3 {[%emt 0:04:16]} Bxf3 {[%emt 0:02:24]} 16. Qxf3 {[%emt 0:05:35]} Nd3 {[%emt 0:09:29]} 17. Rcd1 {[%emt 0:06:52]} Nxb2 {[%emt 0:02:28]} 18. Nxb2 {[%emt 0:00:32]} Qd5 {[%emt 0:03:33]} 19. Nc4 {[%emt 0:04:01]} Qxf3 {[%emt 0:03:26]} 20. gxf3 {[%emt 0:07:40]} Nd5 {[%emt 0:00:04]} 21. Nf5 {[%emt 0:10:38]} Bf6 {[%emt 0:02:47]} 22. Nfd6 {[%emt 0:00:43]} Rc6 {[%emt 0:02:08]} 23. Ne4 {[%emt 0:04:48]} Be7 {[%emt 0:02:07]} 24. Rd3 {[%emt 0:04:40]} Rfc8 {[%emt 0:02:10]} 25. f4 {[%emt 0:05:47]} g6 {[%emt 0:10:21]} 26. Rfd1 {[%emt 0:03:37]} Kg7 {[%emt 0:03:18]} 27. Kg2 {[%emt 0:00:39]} h6 {[%emt 0:04:41]} 28. R1d2 {[%emt 0:02:48]} f5 {[%emt 0:02:21]} 29. Ng3 {[%emt 0:00:13]} Bf6 {[%emt 0:01:00]} 30. Ne2 {[%emt 0:00:22]} Kf7 {[%emt 0:01:47]} 31. Nd4 {[%emt 0:00:28]} Bxd4 {[%emt 0:00:49]} 32. Rxd4 {[%emt 0:00:10]} Kf6 {[%emt 0:00:08]} 33. h4 {[%emt 0:01:04]} g5 {[%emt 0:00:53]} 34. hxg5+ {[%emt 0:03:34]} hxg5 {[%emt 0:00:00]} 35. fxg5+ {[%emt 0:00:48]} Kxg5 {[%emt 0:00:01]} 36. f4+ {[%emt 0:01:23]} Kf6 {[%emt 0:00:01]} 37. Kf3 {[%emt 0:00:01]} Rh8 {[%emt 0:01:31]} 38. Rg2 {[%emt 0:00:55]} Rh3+ {[%emt 0:00:30]} 39. Rg3 {[%emt 0:00:55]} Rh2 {[%emt 0:01:01]} 40. Rd1 {[%emt 0:00:00]} Rc7 {[%emt 0:00:00]} 41. Rdg1 {[%emt 0:04:46]} Rh6 {[%emt 0:09:15]} 42. Rg8 {[%emt 0:01:44]} Rh3+ {[%emt 0:14:50]} 43. Kf2 {[%emt 0:00:52]} Rh2+ {[%emt 0:00:13]} 44. Kf3 {[%emt 0:00:23]} Rh3+ {[%emt 0:00:03]} 45. Kf2 {[%emt 0:00:04]} Rh2+ {[%emt 0:00:11]} 46. Kf3 {[%emt 0:00:04]} Rh3+ {[%emt 0:00:49] Ke4 [%emt 00:00:08] Ke5+} 1/2-1/2

[Event "6th Heraklion Capablanca 2019"]
[Site "Heraklion"]
[Date "2019.05.01"]
[Round "3.5"]
[White "Kelires, Andreas"]
[Black "Vaishali R"]
[Result "1/2-1/2"]
[WhiteElo "2508"]
[BlackElo "2353"]
[Annotator "TA"]
[PlyCount "151"]
[EventDate "2019.04.29"]
[EventType "tourn"]
[EventCountry "GRE"]
[SourceTitle "playchess.com"]
[Source "ChessBase"]
[SourceQuality "1"]

{[%evp 16,151,16,10,12,11,14,14,12,17,51,43,33,45,37,50,46,49,47,48,52,51,64,56,59,12,60,60,99,88,78,62,122,66,64,62,62,63,64,53,121,120,123,127,119,37,37,37,50,43,49,25,26,27,33,0,42,0,0,0,0,0,0,0,0,0,0,0,0,0,0,0,0,0,38,21,8,0,0,0,0,0,0,0,0,0,0,0,0,0,0,0,0,0,0,0,0,0,0,0,0,0,0,0,0,0,0,0,0,0,0,0,0,0,0,0,0,0,0,0,0,0,0,0,0,0,0,0,0,0,0,0,0,0,0,0,0,0]} 1. d4 Nf6 2. Nf3 c5 3. d5 g6 4. Nc3 d6 5. e4 Bg7 6. Be2 O-O 7. O-O e6 8. Nd2 exd5 9. exd5 a6 {A43: Schmid Benoni} 10. a4 {[%cal Ba2a4,Ba4a5][%mdl 32]} Nbd7 11. Nc4 Nb6 12. Ne3 Re8 13. a5 Nbd7 14. Nc4 Ne5 15. Nb6 Rb8 {[#]} 16. Bf4 $146 ({Predecessor:} 16. h3 Ned7 {½-½ (50) Prusikin,M (2522)-Volodin,A (2564) Bayerisch Eisenstein 2012}) 16... Bf5 17. Qd2 Nfd7 18. Nca4 $1 Qc7 19. h3 {Threatens to win with g4.} h5 20. Nxd7 Bxd7 (20... Nxd7 {is more complex.} 21. g4 hxg4 22. hxg4 Be4 23. Nc3 b5) 21. Nb6 Re7 22. Bg5 f6 23. Bh4 Rbe8 (23... Bf5 $14) 24. Rae1 (24. f4 $16 Nf7 25. Bd3) 24... Bf5 $14 25. f4 Nf7 26. c3 Nh6 27. Bf3 Be4 ({Black should play} 27... Qd8 $14) 28. Bxe4 Rxe4 29. Rxe4 Rxe4 {[#]} 30. Qd3 ({Better is} 30. Bxf6 $1 $16 Nf5 31. Bg5) 30... f5 $1 31. Nc4 Qd7 32. Nd2 Re8 33. Re1 Rxe1+ 34. Bxe1 Bf6 35. Bf2 Kf7 36. Nc4 Ng8 37. Qe2 Qe7 38. Qc2 Qd7 39. Qb3 {And now Qxb7! would win.} Kg7 40. Qb6 Be7 $1 41. b4 {[%cal Rb4c5]} Nf6 42. bxc5 Nxd5 {[%mdl 64] Double Attack} 43. Qb3 dxc5 44. Ne5 Qd6 45. Qxb7 {Hoping for Nd3.} Nxf4 {The position is equal.} 46. Nc6 {[#]} Nxh3+ $1 {[%mdl 512]} 47. gxh3 Qd1+ 48. Kg2 Qd5+ 49. Kf1 Qd3+ $1 {[%mdl 64] Double Attack} 50. Ke1 Qxc3+ 51. Ke2 Qc2+ 52. Kf1 Qd3+ $1 53. Kg1 Qd1+ 54. Kh2 Qd6+ 55. Kg2 Qd5+ 56. Kf1 Qd3+ $1 ({Avoid the trap} 56... Qh1+ $2 57. Ke2 $18) 57. Ke1 Qc3+ 58. Ke2 Qc2+ 59. Kf3 Qd1+ 60. Ke3 Qc1+ 61. Ke2 Qc2+ 62. Kf1 Qd3+ $1 63. Kg1 Qd1+ 64. Kh2 Qd6+ 65. Kg2 Qd5+ 66. Kf1 Qd3+ $1 ({Don't go for} 66... Qh1+ $2 67. Ke2 $18) 67. Ke1 Qc3+ 68. Ke2 Qc2+ 69. Kf3 Qd1+ 70. Kf4 g5+ 71. Kg3 h4+ 72. Kh2 Qd6+ 73. Kg2 Qd5+ 74. Kg1 Qd1+ 75. Kg2 Qd5+ 76. Kg1 {Accuracy: White = 66%, Black = 74%.} 1/2-1/2

[Event "6th Heraklion Capablanca 2019"]
[Site "Heraklion"]
[Date "2019.05.02"]
[Round "4.1"]
[White "Karousos-Theodorakis, Nikolaos"]
[Black "Vaishali R"]
[Result "1/2-1/2"]
[WhiteElo "2280"]
[BlackElo "2353"]
[Annotator "NA"]
[PlyCount "65"]
[EventDate "2019.04.29"]
[EventType "tourn"]
[EventCountry "GRE"]
[SourceTitle "playchess.com"]
[Source "ChessBase"]
[SourceQuality "1"]
[TimeControl "40/5400+30:1800+30"]

1. e4 {[%emt 0:00:00]} c6 {[%emt 0:00:00]} 2. d4 {[%emt 0:00:19]} d5 {[%emt 0:00:00]} 3. exd5 {[%emt 0:00:12]} cxd5 {[%emt 0:00:03]} 4. Bd3 {[%emt 0:00:13]} Nc6 {[%emt 0:00:07]} 5. c3 {[%emt 0:01:00]} Qc7 {[%emt 0:00:05]} 6. Na3 {[%emt 0:01:40]} a6 {[%emt 0:00:14]} 7. Nc2 {[%emt 0:00:07]} Nf6 {[%emt 0:00:17]} 8. h3 {[%emt 0:00:28]} e6 {[%emt 0:01:09]} 9. Nf3 {[%emt 0:03:23]} b5 {[%emt 0:00:51]} 10. O-O {[%emt 0:01:25]} Bb7 {[%emt 0:00:05]} 11. Qe2 {[%emt 0:08:39]} Be7 {[%emt 0:05:25]} 12. a4 {[%emt 0:01:57]} bxa4 {[%emt 0:00:57]} 13. Rxa4 {[%emt 0:01:30]} a5 {[%emt 0:01:13]} 14. Ne5 {[%emt 0:05:20]} O-O {[%emt 0:06:09]} 15. Bf4 {[%emt 0:04:57]} Nxe5 {[%emt 0:04:00]} 16. dxe5 {[%emt 0:10:22]} Ne4 {[%emt 0:06:23]} 17. Re1 {[%emt 0:04:09]} Nc5 {[%emt 0:08:09]} 18. Raa1 {[%emt 0:07:55]} Nxd3 {[%emt 0:01:14]} 19. Qxd3 {[%emt 0:00:06]} Ba6 {[%emt 0:03:14]} 20. Qg3 {[%emt 0:00:28]} Rfb8 {[%emt 0:01:31]} 21. Rab1 {[%emt 0:03:32]} Bf8 {[%emt 0:20:45]} 22. Nd4 {[%emt 0:04:09]} Qc4 {[%emt 0:16:20]} 23. b3 {[%emt 0:03:01]} Qd3 {[%emt 0:00:32]} 24. Ra1 {[%emt 0:02:20]} Qxg3 {[%emt 0:01:14]} 25. Bxg3 {[%emt 0:00:34]} Bd3 {[%emt 0:00:38]} 26. Red1 {[%emt 0:07:04]} Bg6 {[%emt 0:00:24]} 27. Ra2 {[%emt 0:06:25]} Bc5 {[%emt 0:07:23]} 28. Rda1 {[%emt 0:02:07]} Bxd4 {[%emt 0:01:21]} 29. cxd4 {[%emt 0:00:05]} Rxb3 {[%emt 0:00:04]} 30. Rxa5 {[%emt 0:00:06]} Rxa5 {[%emt 0:00:04]} 31. Rxa5 {[%emt 0:00:05]} h5 {[%emt 0:00:05]} 32. Bf4 {[%emt 0:00:53]} Be4 {[%emt 0:01:25]} 33. Ra7 {[%emt 0:01:11]} 1/2-1/2

[Event "6th Heraklion Capablanca 2019"]
[Site "Heraklion"]
[Date "2019.05.02"]
[Round "4.2"]
[White "Szwed, Jacek"]
[Black "Kelires, Andreas"]
[Result "0-1"]
[WhiteElo "2387"]
[BlackElo "2508"]
[Annotator "TA"]
[PlyCount "52"]
[EventDate "2019.04.29"]
[EventType "tourn"]
[EventCountry "GRE"]
[SourceTitle "playchess.com"]
[Source "ChessBase"]
[SourceQuality "1"]

{[%evp 14,52,36,27,34,31,37,31,66,0,9,3,22,0,0,0,0,0,-2,-111,-94,-997,-997,-995,-985,-29975,-29976,-29975,-29972,-29982,-29983,-29983,-29984,-29984,-29985,-29985,-29986,-29986,-29978,-29991,-29992]} 1. e4 e5 2. Nf3 Nc6 3. d4 exd4 4. Nxd4 Nf6 5. Nc3 Bb4 6. Nxc6 bxc6 7. Bd3 d6 8. Bg5 h6 {C47: Scotch Four Knights and Four Knights with 4 g3} (8... Qe7 9. O-O h6 10. Bh4 g5 11. Bg3 Ng4 12. h3 Ne5 13. Be2 Ba5 14. Nd5 Qd8 15. Bxe5 dxe5 16. Ne3 {½-½ (82) Adams,M (2754)-McShane,L (2684) London 2013}) 9. Bh4 g5 10. Bg3 Ng4 {White is slightly better.} 11. h4 $146 ({Better is} 11. O-O $14) ({Predecessor:} 11. O-O h5 12. Be2 Qf6 13. Na4 Be6 14. h3 Ne5 15. Bxh5 O-O-O 16. Qe2 {0-1 (42) Bontempi,P (2367)-Bentivegna,F (2361) Arvier 2010}) 11... Qf6 $11 12. Qd2 Be6 13. hxg5 hxg5 14. Rxh8+ Qxh8 15. Qxg5 Kd7 16. Ke2 {[#]} (16. Qd2 $11) 16... Rg8 $1 $36 {[%cal Rg8g5][%mdl 2048] Black is really pushing.} 17. Rh1 $2 {[%mdl 8192]} (17. Qf4 $17) 17... Qxh1 $19 18. Qxg8 Nf6 19. Qf8 Bg4+ {Black mates.} 20. f3 Qxg2+ 21. Bf2 Qxf3+ 22. Kf1 Qh1+ 23. Bg1 Bh3+ 24. Ke2 Qg2+ 25. Bf2 Qf1+ 26. Kf3 Bg4+ 0-1

[Event "6th Heraklion Capablanca 2019"]
[Site "Heraklion"]
[Date "2019.05.02"]
[Round "4.3"]
[White "Anagnostopoulos, Konstantinos"]
[Black "Antic, Dejan"]
[Result "0-1"]
[WhiteElo "2345"]
[BlackElo "2471"]
[Annotator "TA"]
[PlyCount "76"]
[EventDate "2019.04.29"]
[EventType "tourn"]
[EventCountry "GRE"]
[SourceTitle "playchess.com"]
[Source "ChessBase"]
[SourceQuality "1"]

{[%evp 9,76,29,50,43,61,39,43,53,63,78,70,68,60,60,67,64,72,82,102,37,280,250,246,247,277,291,292,291,289,286,263,278,464,452,452,460,452,447,458,-47,-51,-48,-47,-49,-22,-45,-2,-179,-170,-228,-228,-228,-185,-145,-148,-258,-258,-258,-258,-250,-243,-400,-442,-445,-414,-841,-839,-713,-502]} 1. c4 e6 2. Nc3 Bb4 3. Qb3 Ba5 (3... c5 4. Nb5 Nc6 5. Nd6+ Kf8 6. Nf3 Qe7 7. Nxc8 Rxc8 8. e3 e5 9. Qc2 e4 10. Ng1 Nf6 11. Ne2 Ba5 {½-½ (31) Svidler,P (2768)-Carlsen,M (2834) Wijk aan Zee 2018}) 4. Nf3 Ne7 5. d4 d5 6. e3 {A13: English Opening: 1...e6} O-O 7. Qc2 $146 ({Predecessor:} 7. Bd3 c6 8. O-O Bc7 9. Bd2 Nd7 10. cxd5 cxd5 11. Rac1 Ng6 12. Nb5 Bb8 13. Bb4 Re8 14. Rc2 a6 15. Nd6 Bxd6 16. Bxd6 b5 17. Rfc1 Nb6 18. Bc7 Qf6 19. Bxb6 {1-0 (19) Kurninov,A (1776)-Ponomarev,V (1993) Kazan 2010}) 7... c5 8. dxc5 {White is slightly better.} Nbc6 9. a3 e5 {...Bf5 is the strong threat.} 10. cxd5 Bxc3+ $1 11. Qxc3 Nxd5 12. Qc2 Re8 13. Bd3 g6 {[#]} 14. Bd2 (14. Bc4 $1 $16) 14... Nf4 $2 (14... Qe7 $1 $14) 15. exf4 $18 e4 16. Bxe4 Bf5 17. Ne5 Nxe5 18. fxe5 Rxe5 19. f3 Qh4+ 20. Kf1 Rxe4 $2 (20... Bxe4 21. fxe4 Rxe4) 21. fxe4 Bxe4 22. Bg5 Qg4 23. Qd2 Re8 {intending ...Bxg2+.} 24. Re1 $2 (24. Kg1 $18) 24... Bxg2+ $1 $15 {[%mdl 64] Double Attack} 25. Kf2 Qf3+ 26. Kg1 Rxe1+ 27. Qxe1 h6 28. Bf6 $2 {[#]} (28. Qf2 $1 $11 Bxh1 29. Qxf3 Bxf3 30. Bxh6) 28... Kh7 $1 $40 {[%mdl 128] ( -> ...Bh3). Black has strong attack.} 29. Qf2 (29. Bc3 $142) 29... Bxh1 30. Qxf3 Bxf3 {[%mdl 4096] Endgame KB-KB} 31. Kf2 Bc6 32. Ke3 (32. h4 $17) 32... g5 33. Kd4 Kg6 34. Ke5 a6 35. b4 $2 (35. b3 {keeps fighting.}) 35... Bb5 36. Bd8 f5 37. h4 (37. c6 $142 Bxc6 38. Kd4) 37... f4 {Threatens to win with ...f3.} 38. hxg5 f3 {Accuracy: White = 59%, Black = 71%.} 0-1

[Event "6th Heraklion Capablanca 2019"]
[Site "Heraklion"]
[Date "2019.05.02"]
[Round "4.4"]
[White "Demuth, Adrien"]
[Black "Harff, Marcel"]
[Result "1-0"]
[WhiteElo "2512"]
[BlackElo "2412"]
[Annotator "TA"]
[PlyCount "37"]
[EventDate "2019.04.29"]
[EventType "tourn"]
[EventCountry "GRE"]
[SourceTitle "playchess.com"]
[Source "ChessBase"]
[SourceQuality "1"]

{[%evp 15,37,44,52,58,68,48,113,122,118,116,111,40,48,49,38,27,61,39,133,136,422,406,466,458]} 1. Nf3 d5 2. g3 Nf6 3. Bg2 c5 4. O-O Nc6 5. d4 e6 6. c4 dxc4 7. dxc5 Bd7 8. Nbd2 Bxc5 9. Nxc4 {E04: Open Catalan: 5 Nf3} Qe7 $146 ({Predecessor:} 9... O-O 10. Bg5 Rc8 11. Nd6 Rc7 12. Rc1 b6 13. Ne4 Be7 14. Nxf6+ Bxf6 15. Qd6 Rc8 16. Bxf6 gxf6 {½-½ (36) Medvegy,Z (2556)-Teske,H (2545) Germany 2010}) 10. Nfe5 Rc8 {[#]} (10... Nxe5 $14 11. Nxe5 O-O) 11. Nd3 $1 $16 {[%cal Rd3c5] White is better.} O-O 12. Nxc5 Qxc5 {[#]} 13. Nd6 (13. b3 $1 $16) 13... Rb8 $1 $14 14. Bf4 e5 15. Bg5 $36 {[%mdl 2048] Hoping for Bxf6. White has the initiative.} Bg4 {And now ...Nd4 would win.} 16. Rc1 {[%cal Ba1c1,Bc1c4,Bc4d4][%mdl 32]} Qd4 ({Better is} 16... Qb6 $1 $14) 17. Bxf6 gxf6 $4 {[%mdl 8192]} (17... Qxd1 $16 18. Rfxd1 gxf6) 18. Rc4 $18 Bxe2 19. Rxd4 {Accuracy: White = 57%, Black = 26%.} 1-0

[Event "6th Heraklion Capablanca 2019"]
[Site "Heraklion"]
[Date "2019.05.02"]
[Round "4.5"]
[White "Yoo, Christopher Woojin"]
[Black "Zarubitski, Viachaslau"]
[Result "0-1"]
[WhiteElo "2414"]
[BlackElo "2416"]
[Annotator "TA"]
[PlyCount "102"]
[EventDate "2019.04.29"]
[EventType "tourn"]
[EventCountry "GRE"]
[SourceTitle "playchess.com"]
[Source "ChessBase"]
[SourceQuality "1"]

{[%evp 15,102,0,2,5,27,0,2,0,0,0,0,-10,22,33,29,33,22,15,56,57,56,58,37,43,98,31,58,22,37,9,39,10,17,6,12,30,28,30,46,0,0,0,0,0,0,-12,-21,-112,-16,-52,-23,-34,-35,-58,-33,-112,-113,-106,-27,-24,-35,-27,-22,-12,-16,-14,0,-18,-13,-195,-195,-181,-31,-1138,-1138,-29959,-29958,-7088,-7088,-6079,-5298,-29973,-9518,-29975,-29975,-29976,-29975,-29972,-29972]} 1. e4 e6 2. d4 d5 3. Nc3 Bb4 4. e5 c5 5. a3 Bxc3+ 6. bxc3 Qa5 7. Bd2 Qa4 8. Qg4 Kf8 9. Qd1 {C18: French: 3 Nc3 Bb4: Main line: 7 h4 and 7 Qg4} (9. h4 Nc6 10. h5 h6 11. Qd1 cxd4 12. Nf3 dxc3 13. Bxc3 g5 14. hxg6 Qe4+ 15. Be2 Qxg6 16. Qd2 Nge7 17. Bd3 Qxg2 18. Ke2 Qg4 19. Rh4 Qg7 20. Rg1 Ng6 21. Rf4 Nce7 22. Bb4 a5 23. Rxg6 {1-0 (23) Caruana,F (2804)-Lenderman,A (2599) Saint Louis 2018}) 9... Ne7 10. Nf3 b6 11. dxc5 {The position is equal.} bxc5 12. c4 dxc4 13. Be3 Nd5 $146 ({Predecessor:} 13... Nd7 14. Qd6 Bb7 15. Bg5 Re8 16. Be2 h6 17. Bxe7+ Rxe7 {½-½ (28) Ryabov,A (2406)-Cimicki,D (2428) ICCF email 2012}) 14. Bxc5+ Kg8 15. c3 $36 {[%mdl 2048] White has some pressure.} Qxd1+ 16. Rxd1 Nd7 17. Bd4 Ba6 18. Nd2 Rc8 19. g3 Kf8 (19... Rc7 $14) 20. Be2 (20. Ne4 $16) 20... f5 $14 21. f4 Ke7 22. O-O N7b6 23. Bf3 Rhd8 24. Rb1 Na4 25. Bxd5 $1 Rxd5 26. Nf3 Bb5 27. Ne1 a6 28. Nc2 Rd7 29. Ne3 Nc5 30. a4 Nxa4 31. g4 (31. Rb4 $11) 31... g6 (31... fxg4 $17 {White must now prevent ...Nc5.} 32. Nxg4 Nc5 33. Bxc5+ Rxc5) 32. Rf3 Nc5 33. gxf5 exf5 {And now ...Nb3 would win.} 34. Rh3 Ke6 35. Nc2 (35. Bxc5 $1 $15 Rxc5 36. Nc2) 35... Nb3 $17 36. Bf2 Rcd8 ({Better is} 36... a5 $17 {...Rb8 is the strong threat.} 37. Nd4+ Nxd4 38. Bxd4 Rb7) 37. Nd4+ $1 $11 Nxd4 38. Bxd4 Rxd4 39. cxd4 Rxd4 {[%mdl 4096] Endgame KRR-KRB} 40. Rf3 Rd2 41. Rc1 Kd5 42. Re1 $2 (42. Rh3 $11) 42... Kd4 $1 $19 43. Rc1 Bc6 (43... Rd3 $19 44. Rf2 c3) 44. Rf2 $2 {[%mdl 8192]} (44. Rfc3 $15 Bb5 45. Rh3) 44... c3 45. e6 Kd3 46. e7 Rxf2 47. Kxf2 c2 48. Ke1 Bb5 (48... a5 $142 49. Ra1 Kc3 50. Kf2 Kb2 51. Re1 c1=Q 52. Re2+ Kc3 53. e8=Q Qxf4+ 54. Ke1 Bxe8 55. Rxe8 a4 56. Rc8+ Kb3 57. Ke2 a3 58. Rd8 Qc4+ 59. Ke3 Qe4+ 60. Kd2 Qb4+ 61. Kd1 a2 62. Ra8 Qg4+ 63. Kd2 Qg2+ $1 {[%mdl 576] Double Attack} 64. Kd3 Qxa8 65. Ke3 a1=Q 66. Kf4 Qe4+ 67. Kg5 Qg4+ 68. Kh6 Qh5#) 49. Ra1 {[#]} Kc3 $1 {[%cal Rc3b2] Black mates.} 50. Kf2 Kb2 51. Ra5 Be8 {Accuracy: White = 34%, Black = 52%.} 0-1